Catálogo
 En Linea

El calamar gigante de Noto : (Registro nro. 58425)

Detalles MARC
000 -CABECERA
campo de control de longitud fija 02006nam a2200325 i 4500
003 - IDENTIFICADOR DEL NÚMERO DE CONTROL
campo de control DO-SdBNP
005 - FECHA Y HORA DE LA ÚLTIMA TRANSACCIÓN
campo de control 20250414144047.0
007 - CAMPO FIJO DE DESCRIPCIÓN FÍSICA--INFORMACIÓN GENERAL
campo de control de longitud fija ta
008 - DATOS DE LONGITUD FIJA--INFORMACIÓN GENERAL
campo de control de longitud fija 250414b2024 dr a|||| |||| 00| 0 spa d
020 ## - NÚMERO INTERNACIONAL ESTÁNDAR DEL LIBRO
Número Internacional Estándar del Libro 9789945223996
040 ## - FUENTE DE LA CATALOGACIÓN
Centro catalogador/agencia de origen DO-SdBNP
Lengua de catalogación spa
Centro/agencia transcriptor BNPHU
Normas de descripción rda
041 ## - CÓDIGO DE LENGUA
Código de lengua del texto/banda sonora o título independiente spa
082 #4 - NÚMERO DE LA CLASIFICACIÓN DECIMAL DEWEY
Número de clasificación xxx
Número de documento/Ítem M972c
Número de edición 22
100 1# - ENTRADA PRINCIPAL--NOMBRE DE PERSONA
Nombre de persona Murat González, Talleyrand
Código de función/relación aut.
Término indicativo de función/relación autor
9 (RLIN) 74021
245 13 - MENCIÓN DE TÍTULO
Título El calamar gigante de Noto :
Resto del título la COVID-19 y la reactivación de la economía /
Mención de responsabilidad, etc. Talleyrand Murant González ; ilustraciones, Wilson Morfe ; cuidado de edición y corrección, Alexandra Deschamps ; prólogo, Víctor Eddy Mateo Vázquez.
264 #4 - PRODUCCIÓN, PUBLICACIÓN, DISTRIBUCIÓN, FABRICACIÓN Y COPYRIGHT
Producción, publicación, distribución, fabricación y copyright Santo Domingo :
Nombre del de productor, editor, distribuidor, fabricante Editora Búho,
Fecha de producción, publicación, distribución, fabricación o copyright ©2024.
300 ## - DESCRIPCIÓN FÍSICA
Extensión 131 páginas :
Otras características físicas ilustraciones, mapas ;
Dimensiones 23 cm.
336 ## - TIPO DE CONTENIDO
Término de tipo de contenido texto
Código de tipo de contenido txt
Fuente rdacontent
337 ## - TIPO DE MEDIO
Nombre/término del tipo de medio sin mediación
Código del tipo de medio n
Fuente rdamedia
338 ## - TIPO DE SOPORTE
Nombre/término del tipo de soporte volumen
Código del tipo de soporte nc
Fuente rdacarrier
500 ## - NOTA GENERAL
Nota general Un modelo de gestión municipal del siglo XXI, inversión pública, cultura y turismo
500 ## - NOTA GENERAL
Nota general Incluye datos biográficos del autor en las solapas
500 ## - NOTA GENERAL
Nota general La biblioteca posee 1 ejemplar autografiado por el autor.
504 ## - NOTA DE BIBLIOGRAFÍA, ETC.
Nota de bibliografía, etc. Bibliografía: paginas 117-122
505 ## - NOTA DE CONTENIDO CON FORMATO
Nota de contenido con formato I. Descripción del municipio japonés de Noto -- II. La COVID y la inversión pública en Noto, Japón -- III. Construcción de un calamar gigante en el municipio de Noto ¿De qué manera ayuda a los habitantes? -- IV. Plan municipal de desarrollo: objetivo, justificación, enfoque metodológico, territorio, espacios públicos, cultura y turismo estratégicos en Noto -- V. Imagen institucional en Noto y fallas en la estrategia de comunicación interna y externa -- VI. Importancia de la comunicación política y marketing municipal -- VII. Noto, un municipio con visión a largo plazo -- VIII. Consideraciones finales.
700 1# - PUNTO DE ACCESO ADICIONAL--NOMBRE DE PERSONA
Nombre de persona Alexandra Deschamps,
Término indicativo de función/relación editor
Código de función/relación ed.
9 (RLIN) 87449
700 1# - PUNTO DE ACCESO ADICIONAL--NOMBRE DE PERSONA
Nombre de persona Morfe, Wilson,
Término indicativo de función/relación ilustrador
Código de función/relación il.
9 (RLIN) 74022
700 1# - PUNTO DE ACCESO ADICIONAL--NOMBRE DE PERSONA
Nombre de persona Mateo Vázquez, Víctor Eddy,
Término indicativo de función/relación prologuista
Código de función/relación pr.
9 (RLIN) 87450
942 ## - ELEMENTOS DE PUNTO DE ACCESO ADICIONAL (KOHA)
Fuente del sistema de clasificación o colocación Dewey Decimal Classification
Tipo de ítem Koha Libro
Existencias
Estado de retiro Estado de pérdida Fuente del sistema de clasificación o colocación Restricciones de uso No para préstamo Código de colección Localización permanente Ubicación/localización actual Ubicación en estantería Fecha de adquisición Fuente de adquisición Total de préstamos Signatura topográfica completa Código de barras Fecha visto por última vez Precio válido a partir de Tipo de ítem Koha Número de copia Nota pública
    Dewey Decimal Classification Excluido de préstamo   Patrimonio Dominicano Biblioteca Nacional Pedro Henríquez Ureña Biblioteca Nacional Pedro Henríquez Ureña En catalogación 07.02.2025 Depósito Legal   xxx M972c 2025-1868 14.03.2025 14.03.2025 Libro    
    Dewey Decimal Classification Excluido de préstamo   Patrimonio Dominicano Biblioteca Nacional Pedro Henríquez Ureña Biblioteca Nacional Pedro Henríquez Ureña En catalogación 07.02.2025 Depósito Legal   xxx M972c 2025-1869 14.03.2025 14.03.2025 Libro e.2 \
    Dewey Decimal Classification Préstamo en sala   Dominicana de Servicio Biblioteca Nacional Pedro Henríquez Ureña Biblioteca Nacional Pedro Henríquez Ureña En catalogación 07.02.2025 Depósito Legal   xxx M972c 2025-1870 14.03.2025 14.03.2025 Libro e.3  

Con tecnología Koha